000 00430nam a2200181Ia 4500
001 20535
005 20260306172813.0
008 260306t2013||||xx |||||||||||||| ||spa||
041 _aESP
082 _a343.4
_bC33
100 _aCastellano, Danilo
_eAUT
245 0 _aConstitución y constitucionalismo
260 _c2013
300 _a142 pƔginas :
_c18 cm.
650 _aGEN
654 _aCDE
942 _cLIB
_dJUS
_fJUS
_2ddc
_n
999 _c20535
_d20535